Digitálna transformácia podnikov
Súčasný stav digitálnej transformácie podnikov na Slovensku a v zahraničí. Vývoj priemyselných revolúcií. Porovnanie 5 nezávislých prieskumov v oblasti digitálnej transformácie podnikov a vyhodnotenie vplyvu digitalizácie na mieru a rast konkurencieschopnosti podnikov. Stratégie digitálnej transform...
Enregistré dans:
| Auteur principal: | |
|---|---|
| Autres auteurs: | |
| Format: | Chapitre de livre |
| Langue: | slovaque |
| Sujets: | |
| Tags: |
Pas de tags, Soyez le premier à ajouter un tag!
|
MARC
| LEADER | 00000naa$a2200000$$$4500 | ||
|---|---|---|---|
| 001 | 0249961 | ||
| 005 | 20240502083713.0 | ||
| 041 | 0 | |a slo | |
| 044 | |a CZ | ||
| 245 | 1 | 0 | |a Digitálna transformácia podnikov |c Vladimír Mlynarovič, Anita Romanová |
| 520 | |a Súčasný stav digitálnej transformácie podnikov na Slovensku a v zahraničí. Vývoj priemyselných revolúcií. Porovnanie 5 nezávislých prieskumov v oblasti digitálnej transformácie podnikov a vyhodnotenie vplyvu digitalizácie na mieru a rast konkurencieschopnosti podnikov. Stratégie digitálnej transformácie podniku. | ||
| 610 | 2 | 0 | |a konkurencia |
| 610 | 2 | 0 | |a konkurencieschopnosť |
| 610 | 2 | 0 | |a digitalizácia |
| 610 | 2 | 0 | |a podnik digitálny |
| 610 | 2 | 0 | |a podnik |
| 610 | 2 | 0 | |a transformácia podniku |
| 610 | 2 | 0 | |a inovácia |
| 610 | 2 | 0 | |a revolúcia priemyselná |
| 610 | 2 | 0 | |a priemysel 4.0 |
| 610 | 2 | 0 | |a internet vecí |
| 610 | 2 | 0 | |a technológie nové |
| 610 | 2 | 0 | |a stratégia podnikateľská |
| 610 | 2 | 0 | |a stratégia podniková |
| 100 | 1 | |a Mlynarovič, Vladimír | |
| 700 | 1 | |a Romanová, Anita, 1973- | |